Giganci Technologii #5 - Microsoft - Statystyki

Ogólne statystyki
  • Ten quiz został rozwiązany 109 razy
  • Średni wynik to 10 z 17
Statystyki odpowiedzi
Wskazówka Odpowiedź % Poprawnych
Arkusz kalkulacyjny firmy Microsoft Excel
99%
Program do przetwarzania tekstu firmy Microsoft Word
99%
Konsola do gier wideo wyprodukowana przez Microsoft Xbox
92%
Program służący do tworzenia prezentacji PowerPoint
84%
Współzałożyciele Microsoftu Bill Gates
78%
Nienawidzona przeglądarka internetowa, która w 2003 r. miała 95% udziału na rynku Internet Explorer
76%
Wersja systemu Windows wydana w 2001 roku Windows {XP}
70%
Usługa połączeń wideo przejęta w 2011 r. za kwotę 8,5 mld dolarów Skype
66%
Wyszukiwarka Microsoftu Bing
63%
Program, którego wiele korporacji używa do zarządzania pocztą elektroniczną Outlook
58%
Przycisk w lewym dolnym rogu ekranu, wprowadzony w systemie Windows 95 Przycisk {Start}
52%
Witryna internetowa do wyszukiwania ofert pracy przejęta za 26 miliardów dolarów w 2016 r. LinkedIn
43%
Teoretycznie non-profitowa firma AI, w którą Microsoft zainwestował 10 miliardów dolarów w 2023 r. OpenAI
41%
Firma, która dominowała na rynku oprogramowania w latach 80. XX wieku, zanim stała się
pokonana przez Microsoft
IBM
27%
Obszar metropolitalny, w którym znajduje się siedziba firmy Microsoft Seattle
16%
Były dyrektor generalny, właściciel Los Angeles Clippers Steve Ballmer
11%
Współzałożyciele Microsoftu Paul Allen
8%
Nie znaleziono quizów pasujących do podanych kryteriów
Rozkład punktacji
Procent ludzi z każdym wynikiem
Percentyl według liczby udzielonych odpowiedzi
Twoja historia wyników
Nie rozwiązałeś tego quizu